| 000 | 01229nam a22002775a 4500 | ||
|---|---|---|---|
| 003 | OSt | ||
| 005 | 20201124142113.0 | ||
| 008 | 081027s1970 ua frb 00010 bara d | ||
| 040 |
_aEG-ScBUE _bara _cEG-ScBUE |
||
| 041 | 1 |
_aara _heng |
|
| 082 | 0 | 4 |
_a297.74 _bأرن _222 |
| 245 | 1 | 2 |
_aالدعوة إلى الإسلام : _bبحث في تاريخ نشر العقيدة الإسلامية / _cتأليف توماس و. أرنولد ؛ ترجمة إلى العربية وعلق عليه حسن إبراهيم حسن، عبد المجيد عابدين، إسماعيل النحراوي. |
| 250 | _aط. 3. | ||
| 260 |
_aالقاهرة : _bمكتبة النهضة المصرية، _c1970. |
||
| 300 |
_a521 ص. ؛ _c24 سم. |
||
| 500 | _aيشتمل علي كشاف : ص. 503-521. | ||
| 504 | _aيشتمل على ببليوجرافية : ص. 480-504. | ||
| 546 | _aأصل العمل مترجم من اللغة الإنجليزية. | ||
| 650 | 0 |
_aالتاريخ الإسلامي. _2BUEsh |
|
| 650 | 0 |
_aالإسلام _xدعوة _2BUEsh |
|
| 651 | _2BUEsh | ||
| 653 |
_bARALIT _cAugust2015 |
||
| 655 |
_vReading book _934232 |
||
| 700 | 1 |
_aالنحراوي، إسماعيل، _eمترجم. _916629 |
|
| 942 |
_k297.74 أرن _2ddc |
||
| 999 |
_c20663 _d20635 |
||